000 00734nam a2200217Ia 4500
001 395
003 GE_BSU
008 181216s||||||||xx |||||||||||||| ||und||
020 _a9789995052523
040 _cGE_BSU
080 _a005.7(075.8)
100 _aგურაბანიძე,ვაჟა;ქიქოძე,ნუნუ;გურესაშვილი, ლამარა
245 _aორგანიზაციული მენეჯმენტი
245 _cრედ. ნინო ჩიხლაძე
260 _aქუთაისი
260 _c2007
300 _a186გვ.
541 _h6ლ.
653 _aორგანიზაციული მენეჯმენტი
942 _cBK
999 _c34630
_d34630